Navidad y pascua en la tradición iniciática / (Registro nro. 22616)
[ vista simple ]
| 000 -CABECERA | |
|---|---|
| campo de control de longitud fija | 00689nam a2200217 a 4500 |
| 001 - NÚMERO DE CONTROL | |
| campo de control | 000023119 |
| 005 - FECHA Y HORA DE LA ÚLTIMA TRANSACCIÓN | |
| campo de control | 20200930022012.0 |
| 008 - DATOS DE LONGITUD FIJA--INFORMACIÓN GENERAL | |
| campo de control de longitud fija | 101126s1991 fr a r 000 0 spa d |
| 020 ## - NÚMERO INTERNACIONAL ESTÁNDAR DEL LIBRO | |
| Número Internacional Estándar del Libro | 2855662958 |
| 040 ## - FUENTE DE LA CATALOGACIÓN | |
| Centro catalogador/agencia de origen | DO-SdBNP |
| Lengua de catalogación | spa |
| Centro/agencia transcriptor | BNPHU |
| 082 ## - NÚMERO DE LA CLASIFICACIÓN DECIMAL DEWEY | |
| Número de clasificación | NNN |
| Número de documento/Ítem | A946p, 1991 |
| 049 ## - FONDOS LOCALES (OCLC) | |
| Fondos de biblioteca | BNGR |
| 100 1# - ENTRADA PRINCIPAL--NOMBRE DE PERSONA | |
| Nombre de persona | Aïvanhov, Omraam Mikhaël, |
| Títulos y otros términos asociados al nombre | 1900-1986. |
| 9 (RLIN) | 40493 |
| 245 10 - MENCIÓN DE TÍTULO | |
| Título | Navidad y pascua en la tradición iniciática / |
| Mención de responsabilidad, etc. | Omraam Mikhaël Aïvanhov. |
| 250 ## - MENCIÓN DE EDICIÓN | |
| Mención de edición | 3a ed. |
| 260 ## - PUBLICACIÓN, DISTRIBUCIÓN, ETC. | |
| Lugar de publicación, distribución, etc. | Fréjus, (Francia) : |
| Nombre del editor, distribuidor, etc. | Prosveta, |
| Fecha de publicación, distribución, etc. | 1991. |
| 300 ## - DESCRIPCIÓN FÍSICA | |
| Extensión | 151, [8] p. : |
| Otras características físicas | il. ; |
| Dimensiones | 18 cm. |
| 490 1# - MENCIÓN DE SERIE | |
| Mención de serie | Izvor |
| Designación de volumen o secuencia | 209 |
| 534 ## - NOTA SOBRE LA VERSIÓN ORIGINAL | |
| Encabezamiento principal del original | Título original del francés: |
| Mención de título del original | Noël et pâques dans. |
| 830 #0 - PUNTO DE ACCESO ADICIONAL DE SERIE-TÍTULO UNIFORME | |
| Título uniforme | Izvor ; |
| Designación de volumen o secuencia | 209 |
| 9 (RLIN) | 40495 |
| Estado de retiro | Estado de pérdida | Restricciones de uso | No para préstamo | Código de colección | Localización permanente | Ubicación/localización actual | Ubicación en estantería | Fecha de adquisición | Número de inventario | Total de préstamos | Signatura topográfica completa | Código de barras | Fecha visto por última vez | Precio válido a partir de | Tipo de ítem Koha |
|---|---|---|---|---|---|---|---|---|---|---|---|---|---|---|---|
| Monografías: Libros y Folletos | General | General | En catalogación | 26.11.2010 | LF1 | NNN A946p, 1991 | 23119-10 | 25.06.2020 | 25.06.2020 | Préstamo en sala |
